|
|
|
|
| LEADER |
02727nam a2200577 4500 |
| 001 |
978-3-319-70866-9 |
| 003 |
DE-He213 |
| 005 |
20191029032338.0 |
| 007 |
cr nn 008mamaa |
| 008 |
180822s2018 gw | s |||| 0|eng d |
| 020 |
|
|
|a 9783319708669
|9 978-3-319-70866-9
|
| 024 |
7 |
|
|a 10.1007/978-3-319-70866-9
|2 doi
|
| 040 |
|
|
|d GrThAP
|
| 050 |
|
4 |
|a Q334-342
|
| 072 |
|
7 |
|a UYQ
|2 bicssc
|
| 072 |
|
7 |
|a COM004000
|2 bisacsh
|
| 072 |
|
7 |
|a UYQ
|2 thema
|
| 082 |
0 |
4 |
|a 006.3
|2 23
|
| 245 |
1 |
0 |
|a Robotic Building
|h [electronic resource] /
|c edited by Henriette Bier.
|
| 250 |
|
|
|a 1st ed. 2018.
|
| 264 |
|
1 |
|a Cham :
|b Springer International Publishing :
|b Imprint: Springer,
|c 2018.
|
| 300 |
|
|
|a XXI, 211 p. 69 illus., 60 illus. in color.
|b online resource.
|
| 336 |
|
|
|a text
|b txt
|2 rdacontent
|
| 337 |
|
|
|a computer
|b c
|2 rdamedia
|
| 338 |
|
|
|a online resource
|b cr
|2 rdacarrier
|
| 347 |
|
|
|a text file
|b PDF
|2 rda
|
| 490 |
1 |
|
|a Springer Series in Adaptive Environments,
|x 2522-5529
|
| 505 |
0 |
|
|a From Architectured Materials to the Development of Large-scale Additive Manufacturing -- Robotic Fabrication Beyond Factory Settings -- Exploring the Industrial Ramifications of Architectural Robotics -- Human-Robot Collaboration -- Robotic Building as Integration of Design-to-Robotic-Production & Operation -- Swarm Robotics, or: The Smartness of 'a bunch of cheap dumb things' -- Adaptive Structures -- Why Make the World Move? -- Inhabiting Adaptive Architecture.
|
| 520 |
|
|
|a .
|
| 650 |
|
0 |
|a Artificial intelligence.
|
| 650 |
|
0 |
|a Graphic design.
|
| 650 |
|
0 |
|a Robotics.
|
| 650 |
|
0 |
|a Automation.
|
| 650 |
|
0 |
|a Buildings-Design and construction.
|
| 650 |
|
0 |
|a Building.
|
| 650 |
|
0 |
|a Construction.
|
| 650 |
|
0 |
|a Engineering, Architectural.
|
| 650 |
1 |
4 |
|a Artificial Intelligence.
|0 http://scigraph.springernature.com/things/product-market-codes/I21000
|
| 650 |
2 |
4 |
|a Interaction Design.
|0 http://scigraph.springernature.com/things/product-market-codes/K19030
|
| 650 |
2 |
4 |
|a Robotics and Automation.
|0 http://scigraph.springernature.com/things/product-market-codes/T19020
|
| 650 |
2 |
4 |
|a Building Construction and Design.
|0 http://scigraph.springernature.com/things/product-market-codes/T23012
|
| 700 |
1 |
|
|a Bier, Henriette.
|e editor.
|4 edt
|4 http://id.loc.gov/vocabulary/relators/edt
|
| 710 |
2 |
|
|a SpringerLink (Online service)
|
| 773 |
0 |
|
|t Springer eBooks
|
| 776 |
0 |
8 |
|i Printed edition:
|z 9783319708652
|
| 776 |
0 |
8 |
|i Printed edition:
|z 9783319708676
|
| 776 |
0 |
8 |
|i Printed edition:
|z 9783030100001
|
| 830 |
|
0 |
|a Springer Series in Adaptive Environments,
|x 2522-5529
|
| 856 |
4 |
0 |
|u https://doi.org/10.1007/978-3-319-70866-9
|z Full Text via HEAL-Link
|
| 912 |
|
|
|a ZDB-2-SCS
|
| 950 |
|
|
|a Computer Science (Springer-11645)
|